000 00430nam a22001337a 4500
008 171109b xxu||||| |||| 00| 0 eng d
022 _a0116-3507
082 _2Jan - April 2004 v. 96
_aDPer 959.9005
_bP53
245 _aPhilippine free press.
260 _aMakati City :
_b[Philippine Free Press],
_cc2004.
300 _a1(various paging):
_billustrations;
_c33 cm.
650 0 _923177
_aPhilippines -- Periodicals.
942 _2ddc
_cPER
999 _c7704
_d7704